000
00260nam a2200097Ia 4500
001
1251973
005
20251031150925.0
008
251031s9999 xx 000 0 und d
245
0
_c
SEMİH GÜMÜŞ
_a
J-1 DİKKAT KIRILACAK EŞYA
260
_b
GÜNIŞIĞI YAYINLARI
999
_c
1251973
_d
1251973